000 00780nam a2200229 a 4500
001 000022866
005 20200930021838.0
008 101119s1941 ag r 000 0 spa d
040 _aDO-SdBNP
_bspa
_cBNPHU
082 _axxxx
_bK167
100 1 _aKant, Manuel
_d1724-1740
_946993
245 1 0 _aManuel Kant /
_cCompilación J. Zhitlovsky ; traducción León Dujovne.
260 _aBuenos Aires, Argentina :
_bSudamericana,
_c1941.
300 _a189 p. ;
_c18 cm.
490 1 _abrevarios del pensamiento filosófico
500 _aIncluye notas al pie de las páginas.
500 _aIncluye biografía del autor.
700 1 _aZhitlovsky, J.,
_ecomp.
_946994
700 1 _aDujovne, León,
_etr.
_946995
830 0 _abrevarios del pensamiento filosófico
_946996
049 _aBNGR
999 _c22363
_d22363